|
|
|
|
| LEADER |
01949nam a2200421 a 4500 |
| 001 |
000000160 |
| 005 |
20091218145347.0 |
| 008 |
001024s1734 xo e lat |
| FMT |
|
|
|
| 040 |
|
|
|a SVKKK
|b slo
|c SVKKK
|e AACR2
|
| 041 |
0 |
|
|a lat
|
| 044 |
|
|
|a xo
|c SK
|
| 080 |
|
|
|a 82-6
|
| 080 |
|
|
|a 871
|
| 100 |
1 |
|
|a Cicero, Marcus Tullius,
|d 106-43 pr.Kr.
|4 aut
|
| 245 |
1 |
0 |
|a Epistolarum Familiarium :
|b Marci Tullii Ciceronis, Epistolarum Familiarium, Libri XVI.
|
| 260 |
|
|
|a Tyrnaviae :
|b Typis Academicis Societatis Jesu,
|c Anno M.DCC.XXXIV. [1734]
|
| 300 |
|
|
|a 678 [i.e. 680] s. A/8-Z/8,Aa/8-Tt/8,Uu/4 [=340] list.
|c 8°. 16x10 cm
|
| 500 |
|
|
|a Časti diela v gréckom jazyku.
|
| 500 |
|
|
|a Vinety ornam.-fig., vineta ornam., vlysy ornam., linky ozdobné, inic s ornam. pozadím vo voľ. priestore na 4 r., verz. vo voľ. priestore na 2, typograf. ozdoby, kustódy.
|
| 500 |
|
|
|a Chybné stránkovanie - po s.429 nasleduje s.230, po s.432 nasleduje s. 431.
|
| 510 |
4 |
|
|a Petrik I/420; Hanakovič I/145
|
| 561 |
|
|
|a Peč.: Štátna vedecká knižnica v Košiciach; Kassa Sz. Kir. Város Közkönyvtára A Felsőmagyarországi Múzeum Könyvtárából 12792 sorszám. Rkp.: Ex Libris Joannis Vitez 1776; Ex Libris Josephi Szigethy Anno 1759 Die 13.Febru; Ex Libris Jos. Szigethy; Ex Libris Josephi Szigety Die 01 novembris Anno 1753; Josepus Szigethy Ao 1754; Svetovics; Ex Libris Josephi Szigethi 1760.
|
| 563 |
|
|
|a Lepenka, tmavohnedá koža, chrbát s link. slepotlačou.
|
| 653 |
1 |
|
|a klasická rímska literatúra
|
| 653 |
1 |
|
|a listy
|
| 700 |
0 |
|
|a Svetovics
|4 sgn
|
| 700 |
1 |
|
|a Szigethy, Josephus
|4 sgn
|
| 700 |
1 |
|
|a Vitez, Joannis
|4 sgn
|
| 710 |
0 |
|
|a Akademická tlačiareň
|c Trnava
|d 1648-1773
|4 prt
|
| 710 |
0 |
|
|a knižnice - Verejná knižnica
|c Košice
|4 sgn
|
| 752 |
|
|
|a Slovensko
|d Trnava
|
| 852 |
|
|
|p GR 2163
|
| 904 |
|
|
|a acf-y------------hayb-1001--
|
| 905 |
|
|
|a bf a0eb
|
| 910 |
|
|
|a svkkk
|
| 998 |
|
|
|a TRNTL
|
| BAS |
|
|
|